| 000 | 00395nam a2200157Ia 4500 | ||
|---|---|---|---|
| 008 | 230312s9999||||xx |||||||||||||| ||und|| | ||
| 020 | _a81-7029-891-1 | ||
| 082 |
_a005.13 _bKAN |
||
| 100 | _aYashvant P.Kanetkar | ||
| 245 | 0 | _aUnderstanding pointers in C | |
| 260 |
_bBPB _aNew Dehli _c1997 |
||
| 300 | _a310 | ||
| 546 | _aEng. | ||
| 650 |
_aComputer _van introduction to pointers |
||
| 942 | _cBK | ||
| 999 |
_c3139 _d3139 |
||